| 000 | 01028nam a2200289 a 4500 | ||
|---|---|---|---|
| 001 | 18521259 | ||
| 008 | 161026s2015 ||||||||||||||||| || u | ||
| 010 | _a2015935668 | ||
| 020 | _a9781446267769 | ||
| 020 | _a9781446267776 | ||
| 020 | _a1446267776 | ||
| 020 | _a1446267768 | ||
| 050 | _aHM 741 Nic | ||
| 100 | _aKoskinen, Johan | ||
| 245 | 1 | 0 |
_aSocial network analysis for ego-nets _cNick Crossley, Elisa Bellotti, Gemma Edwards, Martin G. Everett, Johan Koskinen, Mark Tranmer. |
| 260 |
_aLos Angeles _bElsevier _c2015 |
||
| 300 | _ax, 194p: ill. | ||
| 500 | _aIncludes bibliographical references (pages 178-191) and index. | ||
| 650 | _aNetwork analyisis | ||
| 650 | 0 | _aSocial networks - Research | |
| 700 | _aBellotti, Elisa | ||
| 700 | _aEverett, Martin G | ||
| 700 | _aEdwards, Gemma | ||
| 700 | _aTranmer, Mark | ||
| 700 | _aCrossley, Nick | ||
| 995 |
_FCBU-MAIN LIBRARY (Kitwe) _M1 _UAVAILABLE _WOct 26, 2016 _ZMain Library Open Access Collection |
||
| 999 |
_c57709 _d57709 |
||